000
00320nam a22001457a 4500
003
SGT
020
_a
9788188139874
082
_a
342.0954
_b
B07K
100
_a
KUMAR, ANIL
245
_a
BHARAT KA SANVIDHAN
260
_a
INDIA
_b
GYAN GANGA
_c
2007
300
_a
323
650
_a
INDIAN CONSTITUTION
942
_2
ddc
_c
BK
999
_c
26190
_d
26190